000 00748nam a2200217 i 4500
001 40342
003 ES-MaACL
005 20230906160210.0
007 t|
008 030305s1956 sp |||| | spa d
080 _a860:008(927)(043)
100 1 _aCarrasco Urgoiti, María Soledad.
_935573
245 1 3 _aEl moro de Granada en la literatura
_b: (del siglo XV al XX) /
_cMaría Soledad Carrasco Urgoiti.
260 _aMadrid :
_bRevista de Occidente,
_c[1956]
300 _a499 p. ;
_c19 cm.
504 _aBibliografía: p. 453-476.
650 1 4 _aLiteratura española-
_xInfluencia árabe.
_914561
650 4 _aÁrabes-
_xEn la literatura.
_9169347
852 _aES-MaACL
_jC-11413
852 _aES-MaACL
_jAND-634
_z- Biblioteca Juan Andrade
999 _c40342
_d40342